Loading...

Hasiye Ki Avaz

Bibliographic Details
Format: Periodicals
Published: New Delhi: Integrated social initiatives, 2017.
LEADER 01701nam a2200265 4500
022 |a 2277-5331 
245 |a Hasiye Ki Avaz 
260 |a New Delhi:  |b Integrated social initiatives,  |c 2017. 
942 |c PER  |s 1 
999 |c 67775  |d 67775 
952 |0 0  |1 0  |4 0  |7 0  |9 88164  |a SSUS  |b SSUS  |c DISPLAY  |d 2017-08-29  |r 2017-08-29  |w 2017-08-29  |y PER 
952 |0 0  |1 0  |4 0  |7 0  |9 88165  |a SSUS  |b SSUS  |c DISPLAY  |d 2018-07-02  |r 2018-07-02  |w 2018-07-02  |y PER 
952 |0 0  |1 0  |4 0  |7 0  |8 REF  |9 88166  |a SSUS  |b SSUS  |c DISPLAY  |d 2018-09-04  |r 2018-09-04  |w 2018-09-04  |y PER 
952 |0 0  |1 0  |4 0  |7 0  |8 REF  |9 88167  |a SSUS  |b SSUS  |c DISPLAY  |d 2018-10-03  |r 2018-10-03  |w 2018-10-03  |y PER 
952 |0 0  |1 0  |4 0  |7 0  |8 REF  |9 88168  |a SSUS  |b SSUS  |c DISPLAY  |d 2018-10-03  |r 2018-10-03  |w 2018-10-03  |y PER 
952 |0 0  |1 0  |4 0  |7 0  |8 REF  |9 88169  |a SSUS  |b SSUS  |c DISPLAY  |d 2018-11-02  |r 2018-11-02  |w 2018-11-02  |y PER 
952 |0 0  |1 0  |4 0  |7 0  |8 REF  |9 88170  |a SSUS  |b SSUS  |c DISPLAY  |d 2018-12-12  |r 2018-12-12  |w 2018-12-12  |y PER 
952 |0 0  |1 0  |4 0  |7 0  |8 REF  |9 88171  |a SSUS  |b SSUS  |c DISPLAY  |d 2019-01-04  |r 2019-01-04  |w 2019-01-04  |y PER 
952 |0 0  |1 0  |4 0  |7 0  |8 REF  |9 88172  |a SSUS  |b SSUS  |c DISPLAY  |d 2019-02-12  |r 2019-02-12  |w 2019-02-12  |y PER 
952 |0 0  |1 0  |4 0  |7 0  |8 REF  |9 88173  |a SSUS  |b SSUS  |c DISPLAY  |d 2019-03-11  |r 2019-03-11  |w 2019-03-11  |y PER 
952 |0 0  |1 0  |4 0  |7 0  |8 REF  |9 88174  |a SSUS  |b SSUS  |c DISPLAY  |d 2019-04-04  |r 2019-04-04  |w 2019-04-04  |y PER 
952 |0 0  |1 0  |4 0  |7 0  |9 88175  |a SSUS  |b SSUS  |c DISPLAY  |d 2019-07-05  |r 2019-07-05  |w 2019-07-05  |y PER 
952 |0 0  |1 0  |4 0  |7 0  |8 REF  |9 88176  |a SSUS  |b SSUS  |c DISPLAY  |d 2019-08-02  |r 2019-08-02  |w 2019-08-02  |y PER 
952 |0 0  |1 0  |4 0  |7 0  |8 REF  |9 88177  |a SSUS  |b SSUS  |c DISPLAY  |d 2019-09-26  |r 2019-09-26  |w 2019-09-26  |y PER 
952 |0 0  |1 0  |4 0  |7 0  |8 REF  |9 88178  |a SSUS  |b SSUS  |c DISPLAY  |d 2019-10-04  |r 2019-10-04  |w 2019-10-04  |y PER